Koss' diagnostic cytology and its histopathologic bases / (Record no. 595691)
[ view plain ]
| 000 -LEADER | |
|---|---|
| fixed length control field | 00356nam a22001097a 4500 |
| 082 ## - DEWEY DECIMAL CLASSIFICATION NUMBER | |
| Classification number | 616.07582 |
| Author Mark | KOS |
| 245 ## - TITLE STATEMENT | |
| Title | Koss' diagnostic cytology and its histopathologic bases / |
| Statement of responsibility, etc. | Edited by Leopold G. Koss |
| 250 ## - EDITION STATEMENT | |
| Edition statement | 5th Edition. |
| 260 ## - PUBLICATION, DISTRIBUTION, ETC. | |
| Place of publication, distribution, etc. | Philadelphia : |
| Name of publisher, distributor, etc. | Lippincott Williams & Wilkins, |
| Date of publication, distribution, etc. | 2006. |
| 300 ## - PHYSICAL DESCRIPTION | |
| Extent | 2 volume set; |
| Other physical details | ill, |
| Dimensions | 28 cm. |
| 942 ## - ADDED ENTRY ELEMENTS (KOHA) | |
| Source of classification or shelving scheme | |
| Koha item type | Book |
| Withdrawn status | Lost status | Source of classification or shelving scheme | Damaged status | Not for loan | Permanent Location | Current Location | Shelving location | Date acquired | Source of acquisition | Cost, normal purchase price | Serial Enumeration / chronology | Full call number | Barcode | Date last seen | Copy number | Cost, replacement price | Price effective from | Koha item type |
|---|---|---|---|---|---|---|---|---|---|---|---|---|---|---|---|---|---|---|
| NUST School of Health Sciences (NSHS) | NUST School of Health Sciences (NSHS) | General Stacks | 08/30/2023 | Prince Books | 17250.00 | vol.1 | 616.07582 KOS | NSHS-1738 | 08/30/2023 | vol.1 , c.1 | 34500.00 | 08/30/2023 | Book | |||||
| NUST School of Health Sciences (NSHS) | NUST School of Health Sciences (NSHS) | General Stacks | 08/30/2023 | Prince Books | 17250.00 | 616.07582 KOS | NSHS-1739 | 08/30/2023 | vol.2 , c.2 | 34500.00 | 08/30/2023 | Book |
